Top 5 European League Top Scorers: 2007/08 - Statistics

General Stats
  • This quiz has been taken 11 times
  • The average score is 14 of 30
Answer Stats
League Goals Club Nationality Player % Correct
Premier League 31 Manchester United Portugal Cristiano Ronaldo
91%
Serie A 20 Juventus France David Trezeguet
82%
Premier League 15 Tottenham Bulgaria Dimitar Berbatov
82%
Premier League 24 Liverpool Spain Fernando Torres
82%
Bundesliga 24 Bayern Munich Italy Luca Toni
82%
La Liga 18 Real Madrid Spain Raul
82%
Serie A 17 Inter Sweden Zlatan Ibrahimovic
82%
Serie A 21 Juventus Italy Alessandro Del Piero
73%
Ligue 1 20 Lyon France Karim Benzema
73%
Serie A 17 Fiorentina Romania Adrian Mutu
64%
Serie A 17 Udinese Italy Antonio Di Natale
64%
La Liga 18 Valencia Spain David Villa
64%
Premier League 24 Arsenal Togo Emmanuel Adebayor
64%
Premier League 19 Blackburn Paraguay Roque Santa Cruz
64%
La Liga 19 Atletico Madrid Argentina Sergio Aguero
55%
Ligue 1 16 Marseille France Djibril Cisse
36%
Bundesliga 14 Hamburg Croatia Ivica Olic
36%
Bundesliga 15 Schalke Germany Kevin Kuranyi
36%
La Liga 24 Sevilla Brazil Luis Fabiano
36%
Bundesliga 19 Stuttgart Germany Mario Gomez
36%
Premier League 15 Everton Nigeria Yakubu
36%
La Liga 27 Mallorca Spain Dani Guiza
27%
Bundesliga 14 Werder Bremen Sweden Markus Rosenberg
18%
Ligue 1 16 Saint-Etienne France Bafetimbi Gomis
9%
Premier League 15 Portsmouth/Manchester City Zimbabwe Benjani
9%
Ligue 1 15 Bordeaux Argentina Fernando Cavenaghi
9%
Ligue 1 18 Marseille Senegal Mamadou Niang
9%
La Liga 18 Villarreal Turkey Nihat Kahveci
9%
Premier League 15 Tottenham Ireland Robbie Keane
9%
Serie A 19 Genoa Italy Marco Borriello
0%
No matching quizzes found
Score Distribution
Percent of People with Each Score
Percentile by Number Answered
Your Score History
You have not taken this quiz